000 00648nam a2200181 a 4500
001 000046351
005 20201002052816.0
008 150731s2015 dr a 000 j spa d
040 _aDO-SdBNP
_bspa
_cBNPHU
100 1 _aPayano Tejada, Ivan
_d1977-
_974377
245 1 4 _aLos fabricantes de juguetes /
_cIvan Payano Tejada ; ilustraciones Daniel Espinal.
260 _aSanto Domingo, :
_bEdiciones Muñequitos,
_bEdiciones Ferilibro,
_c2015.
300 _a19 p. :
_bil. ;
_c22 cm.
490 0 _aLecturas que dibujan
500 _aIncluye datos biografícos del autor.
700 1 2 _aEspinal, Daniel
_eil.
_974378
830 0 _aLecturas que dibujan
_974376
999 _c45840
_d45840